| 000 | 00767nam a2200205 a 4500 | ||
|---|---|---|---|
| 008 | 120416s2005 ||||||||||||||||| || u | ||
| 020 | _a0745623042 | ||
| 050 | _aJA 81 Kee | ||
| 100 | _aKeene, Edward | ||
| 245 | 1 | 0 | _aInternational political thought |
| 246 | _aa historical introduction | ||
| 260 |
_aCambridge _bPolity Press _c2005 |
||
| 300 | _avii, 231p. | ||
| 350 | _a0.00 | ||
| 500 | _aIncludes bibliographical references (p. [203]-221) and index. | ||
| 650 | _aPOLITICS | ||
| 650 | _aINTERNATIONAL RELATIONS--PHILOSOPHY--HISTORY | ||
| 856 | _uhttp://www.loc.gov/catdir/toc/fy054/2005298393.html | ||
| 995 |
_D0.00 _FCBU-MAIN LIBRARY (Kitwe) _H1 _I15.00 _M1 _UAVAILABLE _ZMain Library Open Access Collection |
||
| 999 |
_c47466 _d47466 |
||